000 00417nam a2200181Ia 4500
003 OSt
005 20230113113244.0
008 210210b1812 xxu||||| |||| 00| 0 eng d
040 _cAL
041 _aeng
082 _a828/138
100 _aCARSTAIRS (J P)
_969122
245 _aHadnt we the gaiety?
260 _aLondon
_bNot Mentioned
_c1812
690 _aBiography
_969127
906 _a015983
942 _2ddc
_cBK
999 _c135373
_d135373